000 00283nam a2200121 a 4500
005 20141022142002.0
008 080930s19uu xx 00 eng d
050 _aAVM
245 _aWorld war II collection: road to war.
650 _aDVD.
650 _aRoad to war.
942 _cAVM
999 _c276317
_d276317